MDQL
is popping MORE tags! Check the
thread
!
Quizzes
Events
Quiz Creation
Community
Videos
Private Events
Remove Ads
Sign In
Join for FREE
Feedback
Dark Mode
Quiz Categories
Sports
Geography
Music
Movies
Television
Just For Fun
Miscellaneous
History
Literature
Language
Science
Gaming
Entertainment
Religion
Holiday
For Kids
Quiz Lab
Recent
Popular Today
Quiz Kudos Today
Editor Picks
Curator Picks
Quizzes by...
Day
Popularity
Type
Ratings
Length
Year
Community
Subscriptions
Recent Discussions
Orange Saloon
Badges
Playlists
Quests
Create
Leaderboards
Showdown
Live 5
Trivia Bingo
Activity
Puzzle Library
Sporcle Events
Private Events
Virtual Trivia
Globe League
Become a Host
Pub Owners
SporcleCon
Opinionation
Our Games
Videos
Blog
Mobile Apps
Partnerships
Remove Ads and Go Orange
Feedback
Music
Pop Music
The Beatles
Song
Album
Lyrics
Bands
Singers
Artist
Clip
Rock
Rap
Classical
Billboard
Country Music
Kpop
Taylor Swift
Music
Pop Music
The Beatles
Song
Album
Lyrics
Bands
Singers
Artist
Clip
Rock
Rap
Classical
Billboard
Country Music
Kpop
Taylor Swift
Random Quiz
Search Sporcle
×
Quiz Lab
Quiz Lab
Music
Michael Jackson
Type in answers that appear in a list
Type in answers that appear in a list
Classic
Best Score? Go Orange.
Can you name the songs in The Ultimate Collection by MJ Stats
Can you name the songs in The Ultimate Collection by MJ?
By
Batboy22
10m
61 Questions
26 Plays
26 Plays
26 Plays
Comments
Comments
Give Quiz Kudos
Give Quiz Kudos
-
- Ratings
hide this ad
Forced Order
Answers have to be entered in order
Answers have to be entered in order
Replay
Link that replays current quiz
Next Quiz
Link to next quiz in quiz playlist
You Got
0%
They Got
Avg Score
24%
Avg Friend Score
Upgrade to see
Score Distribution
Jump to the score distribution portion of the page
Score
0/61
Timer
10:00
0
Plays Today
Original Album
Song
% Correct
ABC
ABC
96.2%
Diana Ross Presents The Jackson 5
I Want You Back
69.2%
Ben
Ben
69.2%
Dancing Machine
Dancing Machine
61.5%
Off the Wall
Rock with You
57.7%
Got to be There
Got to be There
53.8%
Off the Wall
Don't Stop Til' You Get Enough
53.8%
The Wiz: Original Motion Picture Soundtrack
Ease on Down the Road
46.2%
Off the Wall
Off the Wall
46.2%
Off the Wall
She's Out of My Life
42.3%
Thriller
Thriller
42.3%
Third Album
I'll Be There
38.5%
The Wiz: Original Motion Picture Soundtrack
You Can't Win
38.5%
Thriller
The Girl Is Mine
38.5%
Thriller
Beat It
38.5%
Thriller
Billie Jean
38.5%
Thriller
Wanna Be Startin' Somethin'
34.6%
We Are the World
We Are the World
34.6%
Bad
Bad
34.6%
Bad
Smooth Criminal
34.6%
Blood on the Dance Floor: HIStory in the Mix
Blood on the Dance Floor
34.6%
Got to Be There
I Wanna Be Where You Are
30.8%
Bad
The Way You Make Me Feel
30.8%
Bad
I Just Can't Stop Loving You
30.8%
Bad
Dirty Diana
26.9%
Dangerous
Black or White
26.9%
Invincible
You Rock My World
26.9%
The Jacksons
Enjoy Yourself
23.1%
Bad
Man in the Mirror
23.1%
Dangerous
Remember the Time
23.1%
Dangerous
Dangerous
19.2%
Original Album
Song
% Correct
HIStory (Continues)
You Are Not Alone
19.2%
Destiny
Shake Your Body (Down to the Ground)
15.4%
Triumph
Lovely One
15.4%
Triumph
This Place Hotel
15.4%
Dangerous
Jam
15.4%
HIStory (Continues)
Childhood
15.4%
HIStory (Continues)
Stranger in Moscow
15.4%
Invincible
Unbreakable
15.4%
Invincible
Butterflies
15.4%
Number Ones
One More Chance
15.4%
The Ultimate Collection
Sunset Driver
11.5%
The Ultimate Collection
Shake a Body
7.7%
Thriller
P.Y.T. (Pretty Young Thing)
7.7%
Victory
State of Shock
7.7%
The Ultimate Collection
Cheater
7.7%
Dangerous
Who Is It
7.7%
The Ultimate Collection
Fall Again
7.7%
Destiny
Blame It on the Boogie
7.7%
Thriller
Human Nature
7.7%
The Ultimate Collection
Someone in the Dark
3.8%
The Ultimate Collection
Scared of the Moon
3.8%
The Ultimate Collection
We Are Here to Change the World
3.8%
The Ultimate Collection
Monkey Business
3.8%
The Ultimate Collection
In the Back
3.8%
The Ultimate Collection
Beautiful Girl
3.8%
Bad
Another Part of Me
3.8%
The Ultimate Collection
Someone Your Hand Out
0%
The Ultimate Collection
On the Line
0%
Michael
(I Like) The Way You Love Me
0%
The Ultimate Collection
We've Had Enough
0%
Quiz Playlist
Details
Report
Send in Message
Add To Playlist
Classic:
Type in answers that appear in a list
Forced Order:
Answers have to be entered in order
Last Updated: Feb 16, 2017
Quiz Scoreboard
CHALLENGE
Sign Up to Join the Scoreboard
Show All
Scores
Hide
Comments
May contain spoilers
Recently Published
Holiday 10x10 Sorting Gallery
by lukepisani3
Holiday
15m
Two Season TV Shows II
by 123Four
Television
10m
Image Sorting: Flags VI
by Barbecue
Geography
2m
More to Explore
Quiz From the Vault
Featured Blog Post
14 Easter Pick-up Lines to Find Eggs With
hide this ad
You Might Also Like...
Tags
Michael Jackson
Today's Top Quizzes in Music
Browse Music
hide this ad
Today's Top Quizzes in Michael Jackson
Browse Michael Jackson
Top Contributed Quizzes in Music
1
5X2 Blitz: Bands II
2
Taylor Swift All Songs (2024)
3
5X2 Blitz: The Beatles
4
5X2 Blitz: Billboard
5
Music Artist by Three 2010s hits
6
5X2 Blitz: Billboard II
7
5X2 Blitz: Album
8
5X2 Blitz: Rock
9
5X2 Blitz: Singers
10
5X2 Blitz: Lyrics
Explore More
Trending Topics
Harry Potter
Disney
Kpop
Marvel
NBA
Anime
Crossword
WWE
Song
Country
Soccer
Pokémon
Puzzle
NFL
The Office
hide this ad
More By:
Batboy22
Quiz
Plays
Rating
Category
Featured
Created
movies in the Child's Play Movie Series
337
3.67
Movies
Oct 29, 2012
Can you name the movies in the Halloween Movie Series
330
1.00
Movies
Oct 29, 2012
Can you name the songs from Kidz Bop 22?
120
1.00
Music
Oct 10, 2012
movies in the Friday the 13th Movie Series
115
2.80
Movies
Oct 29, 2012
movies in The Texas Chainsaw Massacre Movie Series
108
3.00
Movies
Nov 4, 2012
Go to Creator's Profile
Score Distribution
Quiz Creator Spotlight
Batboy22
Follow
Send a Message
Quizzes Created
-
Created Quiz Play Count
-
More By This Creator
Popular Quizzes Today
1
Find the US States - No Outlines Minefield
2
Colored Red Africa Blitz
3
Find the 'City' Movie
4
The Countries of the World
5
5x2 Blitz: Bands
6
Find the Countries of Europe - No Outlines Minefield
7
Find the US States
8
US States
More Music Quizzes
California Bands by Album 8-to-1
Published
Trending Quizzes
Colored Red Europe Blitz I
Colored Red Europe Blitz II
Colored Red Africa Blitz II
Even More Two Season TV Shows
Colored Red Africa Blitz III
Recently Updated
Odd Team Out - Big 4 Players
pecheneg
Quick Pick: 20 Twenties
pecheneg
March Madness Men's Triple Doubles
pecheneg
How Do You Spell That?
pecheneg
Godzilla Movies
pecheneg
Grab Bag: 4-10 Letters
pecheneg
2024 March Madness Bracket
pecheneg
Famous TV Couples
Peacemaker
Champions League XIs: Real Madrid
pecheneg
Largest US Cities 1790-2010
pecheneg
Trending Topics
Disney
Marvel
Anime
Harry Potter
NBA
Crossword
Kpop
Puzzle
WWE
Country
Song
Soccer
The Office
NFL
Pokémon
Your Account Isn't Verified!
In order to create a playlist on Sporcle, you need to verify the email address you used during registration. Go to your
Sporcle Settings
to finish the process.
Report this User
Report this user for behavior that violates our
Community Guidelines
.
Details:
Send Report
Go to the Sporcle.com Mobile Site →
Comments